Office X for macintosh the missing manual (Record no. 33148)

MARC details
000 -LEADER
fixed length control field 00380nam a2200157Ia 4500
020 ## - INTERNATIONAL STANDARD BOOK NUMBER
ISBN 0- 596- 00332
050 ## - CALL MARK
Classification number HF 5548.4.M525 .B366/
100 ## - STATEMENT OF RESPONSIBILITY--MAIN AUTHOR NAME
Personal name Nan Barber
245 #0 - TITLE STATEMENT
Title Office X for macintosh the missing manual
260 ## - PUBLICATION, DISTRIBUTION, ETC. (IMPRINT)
Name of publisher Pogue press
260 ## - PUBLICATION, DISTRIBUTION, ETC. (IMPRINT)
Year of publication 2002
300 ## - PHYSICAL DESCRIPTION
Number of Pages 714 p
942 ## - ADDED ENTRY ELEMENTS (KOHA)
Koha item type Books
Holdings
Withdrawn status Lost status Source of classification or shelving scheme Damaged status Not for loan Permanent Location Current Location Date acquired Accession Number Price effective from Koha item type
    Library of Congress Classification     NILE UNIVERSITY OF NIGERIA - MAIN LIBRARY NILE UNIVERSITY OF NIGERIA - MAIN LIBRARY 04/23/2025 0004027 04/23/2025 Books